[Event "Challenge"]
[Site "http://www.queenalice.com/game.php?id=809181"]
[Date "2010.7.27"]
[Round "-"]
[White "nickpet"]
[Black "DethKlok"]
[Result "0-1"]
[WhiteElo "1542"]
[BlackElo "1703"]

1. d4 c6 2. c4 d5 3. c5 Bf5 4. Nc3 e6 5. e3 Nf6 6. h3 b6 7. cxb6 axb6 8. g4 Bg6
9. h4 h6 10. h5 Bh7 11. Bd3 Bxd3 12. Qxd3 Nxg4 13. e4 dxe4 14. Qxe4 Nf6 15. Qf3
Qxd4 16. Be3 Qb4 17. Ne2 Bd6 18. Rb1 Rxa2 19. O-O Rxb2 20. Rfd1 Rxb1 21. Rxb1
Qc4 22. Rxb6 O-O 23. Qg2 Ng4 24. Bd2 Bh2+ 25. Kh1 Rd8 26. Rb2 f5 27. f3 Ne3 28.
Bxe3 Be5 29. Bxh6 Bxc3 30. Nxc3 Qxc3 31. Rb3 Qe1+ 32. Qg1 Qxg1+ 33. Kxg1 gxh6
34. f4 Kf7 35. Rb7+ Nd7 36. Kf2 Ke7 37. Ke3 Kd6 38. Rb1 Nf6 39. Rd1+ Nd5+ 40.
Kf3 Rg8 41. Ra1 Rg4 42. Ra8 Rxf4+ 43. Kg3 Rg4+ 44. Kh3 Nf4+ 45. Kh2 c5 46. Rh8
c4 47. Rxh6 c3 48. Rf6 Nxh5 49. Rh6 c2 50. Rxh5 c1=Q 51. Rh3 Qg1# 0-1

[Event "Challenge"]
[Site "http://www.queenalice.com/game.php?id=836819"]
[Date "2010.9.23"]
[Round "-"]
[White "ORNELAS"]
[Black "DethKlok"]
[Result "0-1"]
[WhiteElo "1697"]
[BlackElo "1751"]

1. b3 c6 2. Bb2 d5 3. Ba3 Nf6 4. d4 g6 5. g3 Bg7 6. Bg2 O-O 7. Nf3 Bg4 8. Ne5
Bf5 9. Nd2 Nbd7 10. Nxd7 Nxd7 11. Nf3 Re8 12. Nh4 Qa5+ 13. Kf1 Qxa3 14. Nxf5
gxf5 15. Bh3 e6 16. Kg2 c5 17. e3 cxd4 18. exd4 Qb2 19. Rb1 Qxd4 20. Qxd4 Bxd4
21. Rhd1 Bf6 22. c4 Nb6 23. cxd5 Nxd5 24. Rd2 Red8 25. Rbd1 Nc3 26. Rxd8+ Rxd8
27. Rxd8+ Bxd8 28. Kf3 Nxa2 29. Kf4 h5 30. Ke5 Be7 31. Bg2 b6 32. Bb7 Nc1 33. h4
Nxb3 34. f3 a5 35. Kf4 a4 36. Bc6 a3 37. Ba4 Nc5 38. Bb5 a2 39. g4 fxg4 40. fxg4
a1=Q 41. gxh5 Qd4+ 42. Kg3 Qxh4+ 43. Kf3 Qxh5+ 44. Ke3 f5 45. Be2 Bg5+ 46. Kf2
Ne4+ 47. Ke1 Qh1+ 48. Bf1 Nd2 49. Kd1 Qxf1+ 50. Kc2 Qb1+ 51. Kc3 Qb3+ 52. Kd4
Bf6# 0-1

[Event "Challenge"]
[Site "http://www.queenalice.com/game.php?id=839923"]
[Date "2010.9.30"]
[Round "-"]
[White "Sampaio"]
[Black "DethKlok"]
[Result "0-1"]
[WhiteElo "1622"]
[BlackElo "1740"]

1. b3 c6 2. d4 d5 3. Bb2 Bf5 4. Nf3 e6 5. Nc3 Nf6 6. e3 Be7 7. Bd3 Bxd3 8. Qxd3
O-O 9. O-O Nbd7 10. a3 c5 11. Rfe1 cxd4 12. exd4 a6 13. b4 b5 14. Ne5 Rc8 15. f4
Bd6 16. f5 exf5 17. Qxf5 Nb8 18. Bc1 Rxc3 19. Bg5 Be7 20. Rac1 Nc6 21. Nd7 Nxd4
22. Qf4 Qxd7 23. Qxd4 Rfc8 24. Re5 Rxc2 25. Rce1 R2c4 26. Qe3 Re4 27. Rxe4 Nxe4
28. Bxe7 Qxe7 29. Qb6 Qf6 30. Qb7 Qf2+ 0-1

[Event "Challenge"]
[Site "http://www.queenalice.com/game.php?id=842614"]
[Date "2010.10.6"]
[Round "-"]
[White "killaredwolfman"]
[Black "DethKlok"]
[Result "0-1"]
[WhiteElo "1511"]
[BlackElo "1733"]

1. e4 c6 2. Nf3 d5 3. c3 Bg4 4. exd5 cxd5 5. Be2 Nf6 6. Ne5 Bxe2 7. Qxe2 a6 8.
O-O Nbd7 9. d4 e6 10. Bg5 Be7 11. Nxd7 Qxd7 12. Nd2 O-O 13. Nf3 b5 14. Ne5 Qc7
15. Rac1 h6 16. Bxf6 Bxf6 17. f4 Ra7 18. b3 Qb6 19. Rf3 Rc8 20. Ng4 Bxd4+ 21.
Kh1 Rac7 22. Rg3 Bxc3 23. Nxh6+ Kf8 24. Ng4 Be5 25. Rxc7 Rxc7 26. Rf3 Rc1+ 27.
Rf1 Bxf4 28. Rxc1 Bxc1 29. Ne5 Qc7 30. Qh5 Bf4 31. Qd1 Qxe5 32. g3 Qe4+ 0-1

[Event "Challenge"]
[Site "http://www.queenalice.com/game.php?id=842615"]
[Date "2010.10.6"]
[Round "-"]
[White "DethKlok"]
[Black "killaredwolfman"]
[Result "1-0"]
[WhiteElo "1713"]
[BlackElo "1511"]

1. e4 e5 2. d4 exd4 3. c3 Nf6 4. e5 Qe7 5. Nf3 Qc5 6. Bd3 Nd5 7. cxd4 Qb4+ 8.
Nbd2 Be7 9. a3 Qa5 10. b4 Nxb4 11. Bc4 O-O 12. O-O d6 13. Nb3 Qa4 14. Bb2 N4a6
15. Qd3 c6 16. exd6 Bxd6 17. Ng5 g6 18. d5 cxd5 19. Qd4 Qxc4 20. Qg7# 1-0

[Event "Challenge"]
[Site "http://www.queenalice.com/game.php?id=843121"]
[Date "2010.10.8"]
[Round "-"]
[White "PRZ"]
[Black "DethKlok"]
[Result "0-1"]
[WhiteElo "1214"]
[BlackElo "1750"]

1. e4 c6 2. Nf3 d5 3. e5 Bg4 4. c4 Bxf3 5. gxf3 e6 6. cxd5 cxd5 7. Qa4+ Nd7 8.
b4 a6 9. d4 b5 10. Qc2 Bxb4+ 11. Bd2 Rc8 12. Qb3 Bxd2+ 13. Kxd2 Ne7 14. f4 Nf5
15. Nc3 Nxd4 16. Qd1 O-O 17. Rg1 Nb6 18. Bd3 Qh4 19. Rg4 Qxf2+ 20. Ne2 Nf3# 0-1

[Event "Challenge"]
[Site "http://www.queenalice.com/game.php?id=843423"]
[Date "2010.10.8"]
[Round "-"]
[White "killaredwolfman"]
[Black "DethKlok"]
[Result "0-1"]
[WhiteElo "1551"]
[BlackElo "1752"]

1. e4 c6 2. c4 d5 3. exd5 cxd5 4. cxd5 Qxd5 5. Nc3 Qd8 6. Bb5+ Bd7 7. Bxd7+ Nxd7
8. Nf3 e6 9. O-O Ngf6 10. d3 Be7 11. Bg5 O-O 12. Ne4 Rc8 13. a3 Nd5 14. Bxe7
Qxe7 15. Nfg5 h6 16. Nf3 f5 17. Ng3 N7f6 18. Ne5 Qd6 19. Qe2 Nf4 20. Qe3 N6d5
21. Qd4 Rc2 22. Rfe1 b6 23. Nc4 Qc6 24. f3 Rxg2+ 25. Kh1 b5 26. Ne3 Nxe3 27.
Rxe3 Qc2 28. Nf1 Ne2 29. Rxe2 Qxe2 30. Ng3 Rxh2+ 0-1

[Event "Challenge"]
[Site "http://www.queenalice.com/game.php?id=843424"]
[Date "2010.10.8"]
[Round "-"]
[White "DethKlok"]
[Black "killaredwolfman"]
[Result "0-1"]
[WhiteElo "1765"]
[BlackElo "1525"]

1. e4 Nc6 2. d4 g6 3. Bb5 Bg7 4. Bxc6 dxc6 5. Nf3 Bg4 6. O-O Bxf3 7. Qxf3 Bxd4
8. c3 Bg7 9. Be3 Nf6 10. e5 Nd5 11. e6 f6 12. Rd1 Qd6 13. c4 Qb4 14. cxd5 O-O-O
15. dxc6 Rxd1+ 16. Qxd1 Rd8 17. cxb7+ Qxb7 18. Qc2 g5 19. Nc3 h5 20. Rd1 Qc6 21.
Rxd8+ Kxd8 22. Qb3 Kc8 23. Bxa7 Qa8 24. Nb5 Qe4 25. Nd4 Qe1# 0-1

[Event "Challenge"]
[Site "http://www.queenalice.com/game.php?id=844536"]
[Date "2010.10.11"]
[Round "-"]
[White "emoura"]
[Black "DethKlok"]
[Result "0-1"]
[WhiteElo "1727"]
[BlackElo "1820"]

1. e4 c6 2. d4 d5 3. exd5 cxd5 4. c4 Bf5 5. Nc3 e6 6. h4 Nf6 7. Be2 Ne4 8. Nf3
Bb4 9. Qa4+ Nc6 10. Bg5 Qb6 11. O-O Bxc3 12. Bc1 Bxb2 13. Bxb2 Qxb2 14. Ne5 O-O
15. Qd1 Nxd4 16. Re1 Nxe2+ 17. Rxe2 Qxe5 18. Rb1 b6 19. Qc2 Rac8 20. f3 Rxc4 21.
Qb2 Qxb2 22. Rbxb2 Nc3 23. Re3 Nd1 24. Ree2 Nxb2 25. Rxb2 Rfc8 26. g4 Bxg4 27.
fxg4 Rxg4+ 28. Rg2 Rc1+ 0-1

[Event "AUTO-ADV-1944"]
[Site "http://www.queenalice.com/game.php?id=849042"]
[Date "2010.10.21"]
[Round "1"]
[White "sasquatico"]
[Black "DethKlok"]
[Result "0-1"]
[WhiteElo "1624"]
[BlackElo "1812"]

1. e4 c6 2. Nf3 d5 3. exd5 cxd5 4. d4 Bg4 5. Be2 e6 6. Ne5 Bxe2 7. Qxe2 a6 8.
O-O Nf6 9. Bg5 Be7 10. Bxf6 Bxf6 11. c3 O-O 12. Nd2 Nc6 13. Ndf3 g6 14. Rae1 Bg7
15. b3 Rc8 16. a4 Nxe5 17. dxe5 Rxc3 18. b4 Rc4 19. Rb1 Qe7 20. Qb2 b6 21. a5
Rb8 22. Nd2 Rc6 23. Nf3 bxa5 24. Nd4 Rcb6 25. b5 Bxe5 26. Qd2 axb5 27. Nf3 Bf6
28. Ne1 b4 29. Nd3 a4 30. Qf4 a3 31. Nc1 b3 32. Qa4 b2 33. Na2 Rc8 34. Qa5 Qc5
35. Qa4 Be7 36. Qd7 Rbc6 37. Qb7 Qc1 38. Nxc1 Rxc1 39. Qxe7 Rxf1+ 40. Rxf1 Rc1
41. Qxa3 Rxf1+ 42. Kxf1 b1=Q+ 43. Ke2 Qe4+ 44. Kd2 Qxg2 45. Qa8+ Kg7 46. Qa1+
Kh6 47. Qd4 Qxh2 48. Qe3+ g5 49. Qf3 Qf4+ 50. Qxf4 gxf4 51. f3 e5 0-1

[Event "AUTO-ADV-1944"]
[Site "http://www.queenalice.com/game.php?id=849043"]
[Date "2010.10.21"]
[Round "1"]
[White "DethKlok"]
[Black "sasquatico"]
[Result "1-0"]
[WhiteElo "1819"]
[BlackElo "1706"]

1. e4 e5 2. d4 exd4 3. c3 dxc3 4. Bc4 cxb2 5. Bxb2 a6 6. Nf3 h6 7. O-O d6 8. Re1
Nf6 9. e5 b5 10. exf6+ Be6 11. Bxe6 fxe6 12. fxg7 Bxg7 13. Bxg7 Rg8 14. Bxh6 Qf6
15. Nd4 Qxh6 16. Rxe6+ Kd7 17. Rxh6 Nc6 18. Rh7+ Ne7 19. Qe2 Rae8 20. Nf5 Kd8
21. Rxe7 Rxe7 22. Qxe7+ Kc8 23. Qe6+ Kb7 24. Qxg8 1-0

[Event "AUTO-ADV-1944"]
[Site "http://www.queenalice.com/game.php?id=849054"]
[Date "2010.10.21"]
[Round "1"]
[White "chessman"]
[Black "DethKlok"]
[Result "0-1"]
[WhiteElo "2033"]
[BlackElo "1771"]

1. e4 c6 2. d4 d5 3. Nc3 dxe4 4. Nxe4 Bf5 5. Ng3 Bg6 6. Nf3 h6 7. Bd3 Bxd3 8.
Qxd3 e6 9. O-O Nf6 10. Re1 Be7 11. c4 O-O 12. a3 Nbd7 13. Bf4 Nb6 14. Rad1 Na4
15. b3 Nb2 0-1

[Event "AUTO-ADV-1944"]
[Site "http://www.queenalice.com/game.php?id=849055"]
[Date "2010.10.21"]
[Round "1"]
[White "DethKlok"]
[Black "chessman"]
[Result "0-1"]
[WhiteElo "1830"]
[BlackElo "1990"]

1. e4 e6 2. Nf3 d5 3. exd5 exd5 4. d4 Nf6 5. Be2 Be7 6. O-O O-O 7. Nc3 c6 8. Bg5
Re8 9. Ne5 Nbd7 10. f4 Qb6 11. Kh1 Qxb2 12. Nxf7 Kxf7 13. Bh5+ g6 14. Bxg6+ hxg6
15. f5 Qxc3 16. Bxf6 Nxf6 17. fxg6+ Kg7 18. h3 Bxh3 19. Rf3 Bxg2+ 20. Kxg2 Qa5
21. Rxf6 Bxf6 22. Qg4 Qd2+ 23. Kf1 Qe2+ 0-1

[Event "AUTO-ADV-1944"]
[Site "http://www.queenalice.com/game.php?id=849062"]
[Date "2010.10.21"]
[Round "1"]
[White "DethKlok"]
[Black "massimo"]
[Result "0-1"]
[WhiteElo "1829"]
[BlackElo "1802"]

1. e4 c6 2. d4 d5 3. e5 e6 4. Nf3 c5 5. b3 cxd4 6. Nxd4 Bc5 7. Bb2 Qg5 8. Nf3
Nd7 9. Be2 Qe7 10. O-O Nh6 11. Nc3 O-O 12. Re1 Ng4 13. Bb5 Bxf2+ 14. Kh1 Bxe1
15. Qxe1 f6 16. Bxd7 Bxd7 17. Qh4 Ne3 18. Nd4 Rf7 19. Re1 Nxc2 20. Nxc2 fxe5 21.
Qxe7 Rxe7 22. Rxe5 Rf7 23. h3 Rf2 24. Re2 Raf8 25. Nd4 e5 26. Rxf2 Rxf2 27. Nxd5
Rxb2 28. Ne7+ Kf7 29. Ndf5 Bxf5 30. Nxf5 Rb1+ 31. Kh2 e4 32. Nd6+ Ke6 33. Nxe4
Ke5 34. Ng5 h6 35. Nf3+ Kf4 36. Nd4 g5 37. Ne2+ Ke3 38. Nc3 Rc1 39. Nd5+ Kd4 40.
Ne7 h5 41. Nf5+ Kc3 42. Ng3 Rc2 43. Nxh5 Rxa2 44. Nf6 a5 45. Ne4+ Kxb3 46. Nxg5
a4 47. h4 Re2 48. Nf3 Kb2 49. h5 Re6 50. g4 a3 51. g5 a2 52. h6 a1=Q 53. Kg3 Qh1
54. Nh4 Re5 55. Kg4 Qe4+ 56. Kh5 Re6 0-1

[Event "AUTO-ADV-1944"]
[Site "http://www.queenalice.com/game.php?id=849063"]
[Date "2010.10.21"]
[Round "1"]
[White "massimo"]
[Black "DethKlok"]
[Result "0-1"]
[WhiteElo "1764"]
[BlackElo "1797"]

1. e4 c6 2. Nf3 d5 3. Bd3 Bg4 4. O-O e6 5. h3 Bxf3 6. Qxf3 Bd6 7. c4 Nf6 8. b3
Nbd7 9. cxd5 cxd5 10. Nc3 O-O 11. exd5 Ne5 12. Qe2 exd5 13. Bb2 Re8 14. Bb5 Re7
15. Rfe1 a6 16. Bd3 Nc4 17. Qf1 Nxb2 18. Bc2 d4 19. Ne4 Be5 20. Nxf6+ Bxf6 21.
d3 Rc8 22. Rxe7 Bxe7 23. a4 Rxc2 24. Qb1 Rd2 0-1

[Event "Challenge"]
[Site "http://www.queenalice.com/game.php?id=849199"]
[Date "2010.10.22"]
[Round "-"]
[White "ORNELAS"]
[Black "DethKlok"]
[Result "0-1"]
[WhiteElo "1649"]
[BlackElo "1820"]

1. b3 c6 2. d4 d5 3. Bb2 Bf5 4. Nd2 e6 5. c3 Nf6 6. g3 Nbd7 7. Bg2 Be7 8. Ngf3
O-O 9. Nh4 Be4 10. Nxe4 Nxe4 11. Nf3 c5 12. O-O cxd4 13. cxd4 a6 14. a3 b5 15.
b4 Nb6 16. e3 Rc8 17. Ne5 f6 18. Ng6 hxg6 19. Bxe4 dxe4 20. Qg4 f5 21. Qxg6 Rf6
22. Qh5 Rh6 23. Qe2 Bh4 24. d5 Nxd5 25. Be5 Bxg3 26. fxg3 Ne7 27. Bf4 Rh7 28.
Bg5 Qe8 29. h4 Ng6 30. Kg2 Ne5 31. Bf4 Ng4 32. Qa2 Rxh4 33. gxh4 Qg6 34. Rae1
Nxe3+ 35. Kh3 Rc2 36. Qb3 Qg4# 0-1

[Event "Challenge"]
[Site "http://www.queenalice.com/game.php?id=863763"]
[Date "2010.11.25"]
[Round "-"]
[White "ORNELAS"]
[Black "DethKlok"]
[Result "1-0"]
[WhiteElo "1589"]
[BlackElo "1836"]

1. b3 c6 2. g3 d5 3. Ba3 g6 4. Bb2 f6 5. Bg2 Bf5 6. d3 Bg7 7. Nd2 Nh6 8. Ngf3
Nf7 9. Nh4 Nd6 10. Ndf3 O-O 11. Nxf5 Nxf5 12. Ba3 Qa5+ 13. b4 Qxa3 14. O-O c5
15. bxc5 Qxc5 16. a4 Nd7 17. a5 b6 18. d4 Qc7 19. axb6 Nxb6 20. Rc1 Nc4 21. c3
Nce3 22. fxe3 Nxe3 23. Qb3 Nxf1 24. Qxd5+ Kh8 25. Rxf1 Qxc3 26. Qe4 Rfe8 27. Re1
a5 28. Qe6 a4 29. d5 a3 30. h4 1-0

[Event "AUTO-OPEN-2191"]
[Site "http://www.queenalice.com/game.php?id=869663"]
[Date "2010.12.9"]
[Round "1"]
[White "DethKlok"]
[Black "ThiagoNeves"]
[Result "0-1"]
[WhiteElo "1790"]
[BlackElo "2253"]

1. e4 d6 2. d4 Nf6 3. Nc3 c6 4. Be2 Nbd7 5. Nf3 e5 6. Be3 b5 7. d5 b4 8. dxc6
bxc3 9. cxd7+ Bxd7 10. bxc3 Nxe4 11. Qd3 Qa5 12. O-O Nxc3 13. Ng5 Bb5 14. Qf5
Nxe2+ 15. Kh1 Qc7 16. Rfe1 h6 17. Ne4 Nc3 18. Nxc3 Qxc3 19. f4 Bd7 20. Qe4 Be7
21. Qxa8+ Bd8 22. Bxa7 O-O 0-1

[Event "AUTO-OPEN-2191"]
[Site "http://www.queenalice.com/game.php?id=869664"]
[Date "2010.12.9"]
[Round "1"]
[White "ThiagoNeves"]
[Black "DethKlok"]
[Result "1-0"]
[WhiteElo "2134"]
[BlackElo "1832"]

1. d4 c6 2. Nf3 d5 3. c4 Bg4 4. Qb3 b6 5. Nc3 e6 6. Ne5 Nf6 7. Bg5 Bf5 8. cxd5
cxd5 9. e4 dxe4 10. Bb5+ Ke7 11. Qb4+ Qd6 12. Qxd6+ Kxd6 13. Nxf7+ Ke7 14. Nxh8
a6 15. Be2 Nc6 16. g4 h6 17. Bxf6+ Kxf6 18. gxf5 exf5 19. Nd5+ Kg5 20. h4# 1-0

[Event "AUTO-OPEN-2191"]
[Site "http://www.queenalice.com/game.php?id=869665"]
[Date "2010.12.9"]
[Round "1"]
[White "DethKlok"]
[Black "elche"]
[Result "0-1"]
[WhiteElo "1810"]
[BlackElo "1717"]

1. e4 c5 2. d3 Nc6 3. Nf3 Nf6 4. Be2 e6 5. O-O Be7 6. Be3 d6 7. Nc3 a6 8. d4
cxd4 9. Nxd4 Qc7 10. Qd2 O-O 11. Bh6 gxh6 12. Qxh6 Nxd4 13. Bd3 e5 14. f4 Ng4
15. Qh5 Kh8 16. f5 Nf6 17. Qg5 Rg8 0-1

[Event "AUTO-OPEN-2191"]
[Site "http://www.queenalice.com/game.php?id=869666"]
[Date "2010.12.9"]
[Round "1"]
[White "elche"]
[Black "DethKlok"]
[Result "1-0"]
[WhiteElo "1802"]
[BlackElo "1788"]

1. e4 c6 2. d4 d5 3. exd5 cxd5 4. Nf3 Bg4 5. Be2 Bxf3 6. Bxf3 e6 7. O-O Nf6 8.
Bg5 Be7 9. c3 O-O 10. Nd2 a6 11. a3 b5 12. Bxf6 Bxf6 13. Nb3 Nd7 14. Nd2 Rc8 15.
Re1 Qb6 16. Nb3 Rc6 17. Rc1 Rfc8 18. Qd3 g6 19. h3 a5 20. Qd2 a4 21. Na1 Qb7 22.
b3 Nb6 23. Qf4 Be7 24. Qd2 Bxa3 25. Rc2 Bd6 26. c4 1-0